000
00306nam a2200121Ia 4500
008
190905s9999||||xx |||||||||||||| ||und||
020
_a
978-93-530-6129-6
100
_a
Pradeep Sharma
245
0
_a
GAT previous year's solved question papers
260
_a
India
_b
Pearson
_c
2018
300
_a
550
942
_c
BK
999
_c
5829
_d
5829